000 00260nam a22001217a 4500
082 _a620.0044 HUM'E
100 _aHUME, K. J
_975640
245 _aENGINEERING METROLOGY
250 _a3RD
260 _aLUDNIANA
_bKALYANI
_c1970
300 _a360P
942 _cBK
999 _c581034
_d581034